Lego Harry Potter Characters - Statistics

General Stats
  • This quiz has been taken 92 times
    45 since last reset
  • The average score is 76 of 99
Answer Stats
Picture Answer % Correct
Albus Dumbledore
100%
Draco Malfoy
100%
Harry Potter
100%
Hermione Granger
100%
Lord Voldemort
100%
Neville Longbottom
100%
Ron Weasley
100%
Rubeus Hagrid
100%
Severus Snape
100%
Fred Weasley
96%
George Weasley
96%
Ginny Weasley
96%
Argus Filch
93%
Dobby
93%
Molly Weasley
93%
Professor Flitwick
93%
Arthur Weasley
89%
Aunt Marge
89%
Bellatrix Lestrange
89%
Dementor
89%
Dudley Dursley
89%
Gilderoy Lockhart
89%
Lucius Malfoy
89%
Madam Pomfrey
89%
Nymphadora Tonks
89%
Peter Pettigrew
89%
Petunia Dursley
89%
Professor McGonagall
89%
Professor Moody
89%
Remus Lupin
89%
Sirius Black
89%
Vernon Dursley
89%
Dean Thomas
86%
Fleur Delacour
86%
Kingsley Shacklebolt
86%
Luna Lovegood
86%
Madam Hooch
86%
Nearly Headless Nick
86%
Oliver Wood
86%
Professor Sprout
86%
Professor Umbridge
86%
Bill Weasley
82%
Cedric Diggory
82%
Charlie Weasley
82%
Gabrielle Delacour
82%
Kreacher
82%
Moaning Myrtle
82%
Percy Weasley
82%
Professor Trelawney
82%
Seamus Finnigan
82%
Viktor Krum
82%
Cho Chang
79%
Colin Creevey
79%
Gregory Goyle
79%
Griphook
79%
Marcus Flint
79%
Padma Patil
79%
Parvati Patil
79%
Professor Quirrell
79%
The Grey Lady
79%
Vincent Crabbe
79%
Hedwig
75%
Igor Karkaroff
75%
James Potter
75%
Lily Potter
75%
Rowena Ravenclaw
75%
Angelina Johnson
71%
Aragog
71%
Basilisk
71%
Blaise Zabini
71%
Fat Friar
71%
Helga Hufflepuff
71%
Pansy Parkinson
71%
Professor Slughorn
71%
Salazar Slytherin
71%
Buckbeak
68%
Death Eater
68%
Godric Gryffindor
68%
Madame Maxime
68%
Narcissa Malfoy
68%
Barty Crouch Jr.
64%
Cornelius Fudge
64%
Fenrir Greyback
64%
Barty Crouch Sr.
61%
Stan Shunpike
61%
Ernie Prang
57%
Tom Riddle
57%
Lee Jordan
54%
Mr. Ollivander
54%
Susan Bones
54%
Pius Thicknesse
50%
Corban Yaxley
46%
Lavender Brown
46%
Albert Runcorn
39%
Madam Rosmerta
36%
Mountain Troll
32%
Scabior
32%
Albus Severus Potter
29%
Mereperson
7%
No matching quizzes found
Score Distribution
Percent of People with Each Score
Percentile by Number Answered
Your Score History
You have not taken this quiz since the last reset